| 000 | 00355nam a22001337a 4500 | ||
|---|---|---|---|
| 082 |
_a297.7 _bKHU _cL-31,P-62 |
||
| 100 |
_aKhurram Murad. _937495 |
||
| 245 |
_aThe wise poet _cKhurram Murad |
||
| 260 |
_aIslamabad. _bBook Promoters. _c1985. |
||
| 300 |
_a23p.: _bill. |
||
| 526 |
_a0 _b0 _c0 _d297_700000000000000_KHU |
||
| 650 |
_aMCE _9379 |
||
| 942 |
_2ddc _cBK |
||
| 999 |
_c542362 _d542362 |
||